Datum a čas kvízu

38 Celkem bodů Celkový počet nahraných bodů na tomto kvízu bez doplňovacích otázek.
2. Pořadí na kvízu Konečné umístění týmu na tomto kvízu.

Zaznamenané odpovědi

# Otázka Odpověď Body Výsledky
5. Opel je součástí skupiny Group... B 0
5. Jak se jmenovala značka, která... Maybach 0
5. O Ferdinandovi Porsche, zaklad... Vratislavice nad Nisou 0
5. Kim Čong-Il, Adolf Hitler, Idi... Mercedes 1
5. Určitě si vybavíte, jak vypadá... modrou 1
11. Nyní se vzdálíme od Tolkienova... Fritol Šourek 0.5
12. Legolas a Gimli spolu vycházel... Glóin 1
13. Poté, co Boromir padl, byl svý... štít 1
14. Přiřaďte české překlady hobití... 1C 2B 3A 4D 1
15. Aragornův otec Arathorn zemřel... Elrond 1